|
|
|
|
| LEADER |
01688nam a2200361 a 4500 |
| 001 |
27470 |
| 005 |
20150206121537.0 |
| 008 |
130909s2004 caua bf 001 0 eng |
| 010 |
|
|
|a 2003102662
|
| 020 |
|
|
|a 9780534559748
|
| 020 |
|
|
|a 0534559743
|
| 035 |
|
|
|a (DLC) 2003102662
|
| 040 |
|
|
|a DLC
|c DLC
|d DLC
|d BD-DhAAL
|
| 050 |
0 |
0 |
|a LB2369
|b .H46 2004
|
| 082 |
|
|
|2 2
|a 808.02
|
| 999 |
|
|
|c 13949
|d 13949
|
| 999 |
|
|
|c 13949
|
| 100 |
1 |
|
|a Heppner, P. Paul.
|9 3001
|
| 245 |
1 |
0 |
|a Writing and publishing your thesis, dissertation, and research :
|b a guide for students in the helping professions /
|c P. Paul Heppner, Mary J. Heppner.
|
| 246 |
1 |
4 |
|a Writing and publishing your thesis, dissertation & research
|
| 260 |
|
|
|a Belmont, CA :
|b Thomson/Brooks/Cole,
|c c2004.
|
| 300 |
|
|
|a xx, 409 p. :
|b ill. ;
|c 24 cm.
|
| 504 |
|
|
|a Includes bibliographical references (p. 382-394) and index.
|
| 541 |
|
|
|e 27470, 27471
|
| 650 |
|
0 |
|a Dissertations, Academic
|v Handbooks, manuals, etc.
|9 3002
|
| 650 |
|
0 |
|a Academic writing
|v Handbooks, manuals, etc.
|9 3003
|
| 650 |
|
0 |
|a Research
|v Handbooks, manuals, etc.
|9 2337
|
| 650 |
|
0 |
|a Psychology
|x Authorship
|v Handbooks, manuals, etc.
|9 3004
|
| 650 |
|
0 |
|a Social sciences
|x Authorship
|v Handbooks, manuals, etc.
|9 3005
|
| 700 |
1 |
|
|a Heppner, Mary J.
|9 3006
|
| 942 |
|
|
|2 ddc
|c BK
|
| 952 |
|
|
|0 0
|1 0
|2 ddc
|4 0
|6 808_020000000000000_HEP
|7 0
|9 23345
|a BRACUL
|b BRACUL
|c GEN
|d 2013-09-09
|e Trim Education
|g 6950.00
|l 11
|m 102
|o 808.02 HEP
|p 3010027470
|r 2025-07-02
|s 2025-03-10
|t 1
|w 2013-09-09
|y BK
|
| 952 |
|
|
|0 0
|1 0
|2 ddc
|4 0
|6 808_020000000000000_HEP
|7 0
|9 23346
|a BRACUL
|b BRACUL
|c GEN
|d 2013-09-09
|e Trim Education
|g 6950.00
|l 7
|m 56
|o 808.02 HEP
|p 3010027471
|r 2024-07-15
|s 2024-05-16
|t 2
|w 2013-09-09
|y BK
|